Countries Closest to Gibraltar A-Z - Statistics

General Stats
  • This quiz has been taken 2,265 times
    2,216 since last reset
  • The average score is 21 of 24
Answer Stats
Country % Correct
S Spain
97%
F France
96%
A Algeria
95%
M Morocco
95%
P Portugal
94%
Q Qatar
94%
Y Yemen
94%
I Italy
93%
Z Zambia
93%
O Oman
92%
U United Kingdom
92%
D Denmark
91%
B Belgium
89%
T Tunisia
89%
V Vatican City
89%
L Libya
88%
G Germany
86%
H Hungary
86%
J Jordan
85%
E Egypt
83%
K Kosovo
80%
R Romania
80%
N Netherlands
79%
C Croatia
75%
No matching quizzes found
Score Distribution
Percent of People with Each Score
Percentile by Number Answered
Your Score History
You have not taken this quiz since the last reset